ARRUPE JESUIT UNIVERSITY

CORONAVIRUS -STOP THE SPREAD - CLEAN,DISINFECT,COVER

The Marxist theory of schooling (Record no. 984)

MARC details
000 -LEADER
fixed length control field 00496nam a2200205Ia 4500
003 - CONTROL NUMBER IDENTIFIER
control field 0100
008 - FIXED-LENGTH DATA ELEMENTS--GENERAL INFORMATION
fixed length control field 130227s9999 xx 000 0 und d
040 ## - CATALOGING SOURCE
Transcribing agency ARRUPELIB
050 ## - LIBRARY OF CONGRESS CALL NUMBER
Classification number LB880.M3M441 1980
100 ## - MAIN ENTRY--PERSONAL NAME
Personal name Matthews, Michael R.
245 #4 - TITLE STATEMENT
Title The Marxist theory of schooling
245 ## - TITLE STATEMENT
Remainder of title a study of epistemology and education
260 ## - PUBLICATION, DISTRIBUTION, ETC. (IMPRINT)
Place of publication, distribution, etc Sussex
260 ## - PUBLICATION, DISTRIBUTION, ETC. (IMPRINT)
Name of publisher, distributor, etc Harvester Press
260 ## - PUBLICATION, DISTRIBUTION, ETC. (IMPRINT)
-- 1980
300 ## - PHYSICAL DESCRIPTION
Extent x
300 ## - PHYSICAL DESCRIPTION
Other physical details 214p. 22cm.
650 ## - SUBJECT ADDED ENTRY--TOPICAL TERM
Topical term following geographic name as entry element Knox, John
942 ## - ADDED ENTRY ELEMENTS (KOHA)
Source of classification or shelving scheme Library of Congress Classification
Koha issues (borrowed), all copies 3
Holdings
Withdrawn status Lost status Source of classification or shelving scheme Damaged status Not for loan Collection code Home library Current library Shelving location Date acquired Total Checkouts Full call number Barcode Date last seen Date last borrowed Copy number Price effective from Koha item type
    Library of Congress Classification     Main Collection ARRUPE LIBRARY ARRUPE LIBRARY   27/02/2013 4 LB880.M3M441 1980 46401928 28/08/2018 27/08/2018 1 27/02/2013 Monograph ( Printed materials)

 

Arrupe Library. PO Box MP320 Mt Pleasant, Harare, Zimbabwe
263 242 745411|librarian@aju.ac.zw